Heat transfer (Record no. 3641)

000 -LEADER
fixed length control field 00564nam a2200229 a 4500
001 - CONTROL NUMBER
control field 3641
003 - CONTROL NUMBER IDENTIFIER
control field BD-DhUET
008 - FIXED-LENGTH DATA ELEMENTS--GENERAL INFORMATION
fixed length control field 960506s1997 nyua b 001 0 eng
020 ## - INTERNATIONAL STANDARD BOOK NUMBER
International Standard Book Number 0071143203
020 ## - INTERNATIONAL STANDARD BOOK NUMBER
International Standard Book Number 0078447852
040 ## - CATALOGING SOURCE
Original cataloging agency DLC
Transcribing agency DLC
Modifying agency BD-DhUET
082 00 - DEWEY DECIMAL CLASSIFICATION NUMBER
Classification number 621.011
Item number HOL/1997
100 1# - MAIN ENTRY--PERSONAL NAME
Personal name Holman, J. P.
245 10 - TITLE STATEMENT
Title Heat transfer
250 ## - EDITION STATEMENT
Edition statement 8th ed.
260 ## - PUBLICATION, DISTRIBUTION, ETC. (IMPRINT)
Place of publication, distribution, etc. New York
Name of publisher, distributor, etc. McGraw-Hill
Date of publication, distribution, etc. 1997
300 ## - PHYSICAL DESCRIPTION
Extent xviii, 696 p.
Other physical details ill.
490 ## - SERIES STATEMENT
Series statement Schaum's outline series
504 ## - BIBLIOGRAPHY, ETC. NOTE
Bibliography, etc Includes bibliographies
650 #0 - SUBJECT ADDED ENTRY--TOPICAL TERM
Topical term or geographic name as entry element Heat transfer
942 ## - ADDED ENTRY ELEMENTS (KOHA)
Koha item type General Book
Holdings
Koha out on loan Koha date last borrowed Koha full call number Damaged status Source of classification or shelving scheme Koha date last seen Koha item type Piece designation (barcode) Koha normalized classification for sorting Shelving location Sublocation or collection (holding branch) Price effective from Lost status Date acquired Copy number Koha issues (times borrowed) Location (home branch) Withdrawn status Not for loan
2025-05-112025-04-27621.011/HOL/1997  2025-04-27General Book92450621_011000000000000_HOL_1997Circulation sectionCentral Library, BUET2014-11-03 2014-11-0313Central Library, BUET  
  621.011/HOL/1997  2014-11-03General Book92452621_011000000000000_HOL_1997Circulation sectionCentral Library, BUET2014-11-03 2014-11-032 Central Library, BUET  
  621.011/HOL/1997  2016-07-30General Book92453621_000000000000000_011HOL1997Circulation sectionCentral Library, BUET2014-11-03 2014-11-033 Central Library, BUET  
 2022-01-09621.011/HOL/1997  2022-06-08General Book92454621_000000000000000_011HOL1997Circulation sectionCentral Library, BUET2014-11-03 2014-11-0341Central Library, BUET  
 2024-10-02621.011/HOL/1997  2024-10-28General Book92455621_000000000000000_011HOL1997Circulation sectionCentral Library, BUET2014-11-03 2014-11-0352Central Library, BUET  
 2023-12-10621.011/HOL/1997  2024-08-31General Book92457621_000000000000000_011HOL1997Circulation sectionCentral Library, BUET2014-11-03 2014-11-0363Central Library, BUET  
  621.011/HOL/1997  2014-11-03General Book92459621_000000000000000_011HOL1997Circulation sectionCentral Library, BUET2014-11-03 2014-11-037 Central Library, BUET  
 2024-03-12621.011/HOL/1997  2024-08-28General Book92460621_011000000000000_HOL_1997Circulation sectionCentral Library, BUET2014-11-03 2014-11-0381Central Library, BUET  
 2024-04-08621.011/HOL/1997  2024-06-22General Book92461621_000000000000000_011HOL1997Circulation sectionCentral Library, BUET2014-11-03 2014-11-0391Central Library, BUET  
 2024-12-10621.011/HOL/1997  2025-03-12General Book92462621_000000000000000_011HOL1997Circulation sectionCentral Library, BUET2014-11-03 2014-11-03105Central Library, BUET  
 2015-03-04621.011/HOL/1997  2017-05-03General Book92464621_000000000000000_011HOL1997Circulation sectionCentral Library, BUET2014-11-03 2014-11-03111Central Library, BUET  
 2019-06-17621.011/HOL/1997  2019-07-10General Book92465621_000000000000000_011HOL1997Circulation sectionCentral Library, BUET2014-11-03 2014-11-03123Central Library, BUET  
 2022-05-24621.011/HOL/1997  2022-06-08General Book92466621_000000000000000_011HOL1997Circulation sectionCentral Library, BUET2014-11-03 2014-11-03133Central Library, BUET  
  621.011 HOL/1997  2015-04-12General Book92468621_011000000000000_HOL_1997Circulation sectionCentral Library, BUET2015-04-12 2015-04-1214 Central Library, BUET  
  621.011/HOL/1997  2015-07-02Reading Item92447621_011000000000000_HOL_1997Reading sectionCentral Library, BUET2015-07-02 2015-07-0215 Central Library, BUET  
  621.011/HOL/1997  2015-07-09Reading Item92446621_011000000000000_HOL_1997Reading sectionCentral Library, BUET2015-07-09 2015-07-0916 Central Library, BUET